[Event "EU-ch Schools U13 Girls"]
[Site "Rhodes"]
[Date "2022.04.28"]
[Round "8"]
[White "Susin, Derya Defne"]
[Black "Mgeladze, Kesaria"]
[Result "0-1"]
[WhiteElo "1297"]
[BlackElo "1663"]
[PlyCount "56"]
[EventDate "2022.04.21"]
[EventType "swiss"]
[EventRounds "9"]
[EventCountry "GRE"]
[SourceTitle "CBM 208 Extra"]
[Source "ChessBase"]
[SourceDate "2022.07.31"]
[SourceVersion "1"]
[SourceVersionDate "2022.07.31"]
[SourceQuality "1"]

1. d4 Nf6 2. Bf4 g6 3. Nc3 d5 4. e3 c6 5. Nf3 Bg4 6. Be2 Bg7 7. h3 Bxf3 8. Bxf3 0-0 9. Qd2 Nbd7 10. g4 b5 11. h4 b4 12. Ne2 a5 13. h5 c5 14. Ng3 Nb6 15. b3 cxd4 16. exd4 Ne4 17. Bxe4 dxe4 18. 0-0-0 a4 19. Bh6 axb3 20. axb3 Nc4 21. bxc4 Ra1+ 22. Kb2 Ra2+ 23. Kxa2 Qa5+ 24. Kb1 Ra8 25. c3 Qa1+ 26. Kc2 b3+ 27. Kxb3 Rb8+ 28. Kc2 Rb2# 0-1

[Event "EU-ch Schools U13 Girls"]
[Site "Rhodes"]
[Date "2022.04.27"]
[Round "7"]
[White "Susin, Derya Defne"]
[Black "Tsetskhladze, Mariam"]
[Result "0-1"]
[WhiteElo "1297"]
[BlackElo "1493"]
[PlyCount "60"]
[EventDate "2022.04.21"]
[EventType "swiss"]
[EventRounds "9"]
[EventCountry "GRE"]
[SourceTitle "CBM 208 Extra"]
[Source "ChessBase"]
[SourceDate "2022.07.31"]
[SourceVersion "1"]
[SourceVersionDate "2022.07.31"]
[SourceQuality "1"]

1. d4 Nf6 2. c4 c5 3. d5 b5 4. cxb5 a6 5. b6 g6 6. Qb3 Bb7 7. Nc3 d6 8. a4 a5 9. e4 Bg7 10. Nf3 Nfd7 11. Bb5 0-0 12. 0-0 Nxb6 13. Bf4 Na6 14. Rfe1 Nb4 15. Na2 c4 16. Bxc4 Nxc4 17. Qxc4 Ba6 18. Qc1 Nd3 19. Qd2 Nxe1 20. Rxe1 Rb8 21. e5 Qb6 22. Rb1 Bc8 23. b4 Bf5 24. Rb3 Rfc8 25. h3 Rc2 26. Qd4 Rxa2 27. b5 dxe5 28. Bxe5 Bxe5 29. Qxb6 Rxb6 30. Nxe5 Rxa4 0-1

[Event "EU-ch Schools U13 Girls"]
[Site "Rhodes"]
[Date "2022.04.25"]
[Round "5"]
[White "Eshkol, Lilian"]
[Black "Susin, Derya Defne"]
[Result "0-1"]
[WhiteElo "1636"]
[BlackElo "1297"]
[PlyCount "82"]
[EventDate "2022.04.21"]
[EventType "swiss"]
[EventRounds "9"]
[EventCountry "GRE"]
[SourceTitle "CBM 208 Extra"]
[Source "ChessBase"]
[SourceDate "2022.07.31"]
[SourceVersion "1"]
[SourceVersionDate "2022.07.31"]
[SourceQuality "1"]

1. d4 Nf6 2. c4 e6 3. Nc3 Bb4 4. Qc2 c5 5. e3 0-0 6. Nf3 d5 7. Bd3 cxd4 8. exd4 dxc4 9. Bxc4 Nc6 10. Qd3 a6 11. a3 Be7 12. 0-0 b5 13. Bb3 Bb7 14. Bg5 h6 15. Bxf6 Bxf6 16. Bc2 g6 17. Rad1 Ne7 18. Ne4 Bg7 19. Rfe1 Qb6 20. Nc5 Bc6 21. Bb3 Rad8 22. Nxe6 Bxf3 23. gxf3 Qd6 24. Nxf8 Kxf8 25. Qe4 Nf5 26. Qb7 Rd7 27. Qc8+ Rd8 28. Qc5 Nh4 29. Rd3 Qxc5 30. dxc5 Rxd3 31. Bd1 Bxb2 32. c6 Nxf3+ 33. Bxf3 Rxf3 34. c7 Rc3 35. Re2 Bxa3 36. Ra2 b4 37. Kf1 Rxc7 38. Ke2 a5 39. Kd3 a4 40. Kd4 b3 41. Rxa3 b2 0-1

[Event "EU-ch Schools U13 Girls"]
[Site "Rhodes"]
[Date "2022.04.24"]
[Round "4"]
[White "Susin, Derya Defne"]
[Black "Kirtadze, Anastasia"]
[Result "0-1"]
[WhiteElo "1297"]
[BlackElo "1783"]
[PlyCount "118"]
[EventDate "2022.04.21"]
[EventType "swiss"]
[EventRounds "9"]
[EventCountry "GRE"]
[SourceTitle "CBM 208 Extra"]
[Source "ChessBase"]
[SourceDate "2022.07.31"]
[SourceVersion "1"]
[SourceVersionDate "2022.07.31"]
[SourceQuality "1"]

1. d4 Nf6 2. c4 e6 3. Nc3 Bb4 4. Qc2 0-0 5. e4 d5 6. cxd5 exd5 7. e5 Ne4 8. Bd3 c5 9. Bxe4 dxe4 10. dxc5 Nc6 11. Nge2 Qd3 12. Qxd3 exd3 13. a3 Bxc5 14. Ng3 Nxe5 15. 0-0 Be6 16. Bf4 Ng6 17. Bd2 f5 18. Rfe1 Bb3 19. Rac1 Bd6 20. Kh1 a6 21. Nd1 Bf4 22. Ne3 Bh6 23. Nc4 Bxd2 24. Nxd2 Bc2 25. Re6 Rae8 26. Rce1 Rxe6 27. Rxe6 Nh4 28. f3 g6 29. Kg1 Rd8 30. Rb6 Rd7 31. Kf2 Kf7 32. Kf1 Ke7 33. Kf2 Rc7 34. Kf1 a5 35. Kf2 Kf7 36. Kf1 Ke7 37. Kf2 Rd7 38. Kf1 Ba4 39. Kf2 Bc6 40. Kf1 Rd6 41. Kf2 Rd5 42. Ngf1 Re5 43. Ng3 g5 44. h3 Ng6 45. Nc4 Rc5 46. Nd2 Rc2 47. Ngf1 Nf4 48. g3 Ne6 49. Ke3 Nc5 50. f4 Kd6 51. b3 gxf4+ 52. gxf4 Kc7 53. Nc4 Nd7 54. Rxc6+ bxc6 55. Kxd3 Rf2 56. Nfe3 Rxf4 57. Nxa5 Rf3 58. Ke2 Rxh3 59. Nxf5 Rh5 0-1

[Event "TUR-ch (Women)"]
[Site "Ayvalik"]
[Date "2022.03.10"]
[Round "8"]
[White "Susin, Derya Defne"]
[Black "Mullakutukcu, Ela"]
[Result "1/2-1/2"]
[WhiteElo "1358"]
[BlackElo "1121"]
[PlyCount "121"]
[EventDate "2022.03.05"]
[EventType "swiss"]
[EventRounds "9"]
[EventCountry "TUR"]
[SourceTitle "EXT 2023"]
[Source "ChessBase"]
[SourceDate "2022.10.05"]
[SourceVersion "1"]
[SourceVersionDate "2022.10.05"]
[SourceQuality "1"]

1. d4 c5 2. d5 Nf6 3. Nc3 g6 4. e4 d6 5. Be2 Bg7 6. Nf3 0-0 7. 0-0 Bg4 8. Nd2 Bxe2 9. Qxe2 Nbd7 10. Nc4 a6 11. a4 Nb6 12. Nxb6 Qxb6 13. a5 Qc7 14. Bd2 e6 15. Qf3 exd5 16. exd5 Nd7 17. Bf4 Ne5 18. Bxe5 Bxe5 19. Rfe1 Rfe8 20. g3 Re7 21. Ra2 Bxc3 22. Rxe7 Qxe7 23. Qxc3 Re8 24. Ra1 Qe5 25. Qb3 Re7 26. Ra4 Qe1+ 27. Kg2 Qd1 28. Rf4 Re1 29. Qf3 Rg1+ 30. Kh3 Qxf3 31. Rxf3 Ra1 32. Rf6 Rxa5 33. Rxd6 Kf8 34. Rd7 Rb5 35. b3 Ke8 36. Rc7 Rb4 37. Rxc5 Kd7 38. Rc3 Rd4 39. Rf3 f5 40. c4 b5 41. Rc3 bxc4 42. bxc4 a5 43. Ra3 Rxc4 44. Rxa5 Kd6 45. Ra7 Rc7 46. Rxc7 Kxc7 47. Kh4 h6 48. f4 Kd6 49. g4 Kxd5 50. gxf5 gxf5 51. Kh5 Ke4 52. Kxh6 Kxf4 53. h4 Ke3 54. Kg5 f4 55. h5 f3 56. h6 f2 57. h7 f1Q 58. h8Q Qg2+ 59. Kh6 Qh3+ 60. Kg7 Qxh8+ 61. Kxh8 1/2-1/2

[Event "TUR-ch (Women)"]
[Site "Ankara"]
[Date "2020.03.05"]
[Round "5"]
[White "Susin, Derya Defne"]
[Black "Tanir, Simay"]
[Result "0-1"]
[WhiteElo "1196"]
[BlackElo "1402"]
[PlyCount "60"]
[EventDate "2020.03.02"]
[EventType "swiss"]
[EventRounds "9"]
[EventCountry "TUR"]
[SourceTitle "CBM 195 Extra"]
[Source "ChessBase"]
[SourceDate "2020.05.31"]
[SourceVersion "1"]
[SourceVersionDate "2020.05.31"]
[SourceQuality "1"]

1. d4 e6 2. c4 f5 3. Nf3 Nf6 4. Nc3 c6 5. Bf4 d5 6. cxd5 exd5 7. e3 Bd6 8. Bxd6 Qxd6 9. Bd3 0-0 10. Qc2 Ne4 11. Ne5 Nd7 12. Nxd7 Bxd7 13. f3 Nxc3 14. bxc3 Rae8 15. Kd2 b6 16. f4 c5 17. g4 cxd4 18. cxd4 Qb4+ 19. Qc3 Qxc3+ 20. Kxc3 Rxe3 21. Kd2 Rf3 22. h3 fxg4 23. hxg4 R8xf4 24. Bxh7+ Kf7 25. Ke2 Bb5+ 26. Kd2 Rf2+ 27. Kc1 Rf1+ 28. Rxf1 Rxf1+ 29. Kb2 Rxa1 30. Kxa1 g6 0-1